00375nam a2200157Ia 4500008004100000020001800041082000800059100001800067245003100085250000600116260002500122300001500147500002500162650001400187700001600201230524s9999 xx 000 0 und d a9780070965539 bPAN a"Pandey, P.C" 0aModern Machining Processes a1 aNew DelhibTMHc2013 axvi;168 p. aQuantity Number: 60 aMechanics a"Shan, H.S"